[Event "XVII MetLife Najdorf Open 2017"]
[Site "Warsaw"]
[Date "2017.07.13"]
[Round "5.9"]
[White "Prasanna Raghuram Rao"]
[Black "Dragun, Kamil"]
[Result "1/2-1/2"]
[WhiteElo "2466"]
[BlackElo "2621"]
[Annotator "TA"]
[PlyCount "110"]
[EventDate "2017.??.??"]
[EventType "swiss"]
[EventCountry "POL"]
[SourceTitle "playchess.com"]
[Source "ChessBase"]
[SourceQuality "1"]

{[%evp 23,110,14,5,20,11,10,7,14,14,14,18,14,18,14,10,10,23,30,38,8,45,45,35,7,9,0,0,0,0,0,0,0,0,0,0,0,18,4,5,11,8,0,0,0,0,-6,0,-4,-4,-5,-5,-8,-4,-4,-4,-4,-2,-2,-2,-2,0,0,0,0,0,0,0,0,0,0,0,0,0,0,0,0,0,0,0,0,0,0,0,0,0,0,0,0,0]} 1. e4 e5 2. Nf3 Nc6 3. Bb5 a6 4. Ba4 Nf6 5. O-O Be7 6. d3 {[%cal Bd2d3,Bd3d4][%mdl 32]} b5 7. Bb3 d6 8. a4 Bd7 9. c3 {C84: Closed Ruy Lopez: Unusual White 6th moves} Na5 10. Bc2 c5 11. d4 Qb8 12. axb5 axb5 {LiveBook: 3 Games} 13. Bg5 Be6 14. Nbd2 O-O {[#]} 15. h3 $146 ({Predecessor:} 15. d5 Bg4 16. h3 Bh5 {0-1 (61) Tomashevsky,E (2728)-Ding,L (2766) Huaian 2016}) 15... cxd4 (15... h6 $5 {[%cal Rh6g5]} 16. Be3 cxd4 17. cxd4 Rc8 $11) 16. cxd4 Rc8 17. Re1 h6 18. Be3 Bd8 19. Qb1 b4 20. Bd3 Bd7 21. Rc1 Bc7 22. dxe5 dxe5 23. Bc5 Be6 {The position is equal.} 24. Bf1 Nd7 25. Be3 Qb7 26. Qd3 Bb6 27. Bxb6 Qxb6 28. Qb5 {[#] Hoping for Rxa5!} Rxc1 29. Rxc1 Rb8 30. Qxb6 Rxb6 31. Rc8+ Kh7 32. Rc7 f6 33. Ra7 Nc6 34. Ra1 b3 35. Bc4 Nc5 36. Bxe6 Nxe6 37. Nc4 Rb8 38. Nfd2 Nc5 39. Ra3 h5 40. h4 Kg6 41. f3 Kf7 42. Kf2 Ke6 43. Na5 Nxa5 44. Rxa5 $11 {[%mdl 4096] Endgame KRN-KRN} Nd3+ 45. Kf1 Nxb2 {[#] White must now prevent ...Nd3.} 46. Ra3 Rc8 47. Rxb3 Rc2 48. Ke1 Kf7 49. Rb7+ Kg6 50. Rd7 Rc1+ 51. Ke2 Na4 52. Nf1 Nc5 53. Rd2 Nb3 54. Rb2 Nd4+ 55. Kf2 Rc2+ {Precision: White = 85%, Black = 70%.} 1/2-1/2

[Event "XVII MetLife Najdorf Open 2017"]
[Site "Warsaw"]
[Date "2017.07.13"]
[Round "5.10"]
[White "Thybo, Jesper Sondergaard"]
[Black "Sengupta, Deep"]
[Result "0-1"]
[WhiteElo "2465"]
[BlackElo "2596"]
[Annotator "TA"]
[PlyCount "108"]
[EventDate "2017.??.??"]
[EventType "swiss"]
[EventCountry "POL"]
[SourceTitle "playchess.com"]
[Source "ChessBase"]
[SourceQuality "1"]

{[%evp 16,108,11,12,18,13,45,38,62,35,45,35,77,71,57,53,97,72,64,49,55,73,91,93,84,80,92,78,110,88,99,91,93,95,96,102,95,68,100,92,82,34,78,35,8,13,23,18,12,9,25,0,13,0,41,0,65,25,4,0,0,-5,-7,-27,-6,-254,-262,-251,-254,-287,-128,-132,-54,-83,-73,-119,-116,-289,-286,-300,-297,-289,-291,-466,-553,-544,-531,-2774,-2667,-29992,-29993,-29994,-29994,-29994,-29995]} 1. d4 e6 2. c4 d5 3. Nf3 c6 4. Nbd2 Nf6 5. g3 b6 6. Bg2 {D30: Queen's Gambit Declined: Systems without Nc3} Bb7 7. O-O Be7 8. b3 O-O 9. Bb2 {LiveBook: 52 Games} a5 10. Ne5 Na6 11. e4 Rc8 12. Re1 $146 ({Predecessor:} 12. Qe2 Bb4 13. exd5 cxd5 14. a3 Bxd2 15. Qxd2 Ba8 {0-1 (48) Nicula,M (2206)-Kovalyov,A (2598) Montreal 2012}) 12... Rc7 13. Rc1 Qa8 14. Nd3 dxe4 15. Nxe4 Rd8 16. Qe2 Nxe4 17. Bxe4 (17. Qxe4 $6 c5 $11) 17... Bf6 18. c5 Qa7 19. cxb6 Qxb6 20. Nc5 Nb4 21. Bb1 $1 (21. Nxb7 $6 Rxb7 22. Red1 Nxa2 $11) 21... Rcc8 22. Qg4 {Black must now prevent Nxe6!} (22. Nxb7 $6 Qxb7 23. Rc4 g6 $14) 22... Nd5 23. h4 (23. Nxb7 $6 Qxb7 24. Qe2 a4 $11) 23... Ra8 24. Qe4 (24. Nxb7 Qxb7 25. Rc4 a4 $11) 24... g6 25. h5 Bc8 26. Rc4 Bg7 27. hxg6 hxg6 28. Rec1 Bh6 29. Na4 Qc7 $1 30. f4 Qe7 31. Nc5 (31. Rxc6 Bb7 $17) 31... Bg7 32. R4c2 Rb8 (32... e5 $5 33. dxe5 Bf5 $11) 33. Rh2 Nf6 34. Qf3 Rd5 35. Bd3 Qd8 (35... Nd7 $11) 36. Rd2 Rb4 37. Bc3 Rbxd4 38. Bxd4 Rxd4 39. Rdd1 e5 40. Bf1 $2 ({Don't play} 40. Qxc6 exf4 41. Re1 (41. gxf4 Bg4 $17) 41... Bg4 $17) (40. fxe5 $11 {and White has nothing to worry.} Bg4 41. Qxc6 Bxd1 42. Rxd1 (42. exf6 Rd6 $11)) 40... exf4 $19 41. gxf4 Nd5 42. Ne4 {[#]} Qh4 (42... Nxf4 $1 $19 {[%mdl 512] is more deadly. ...Be5 is the strong threat.} 43. Re1 (43. Qxf4 Rxd1) 43... Nd3 44. Bxd3 Rxd3) 43. Qg3 $17 Qe7 ({Reject} 43... Qxf4 $6 44. Qxf4 Nxf4 45. Kf2 $11) (43... Qh5 $17 44. Re1 {[#]} Rd2 $1 {[%mdl 512]}) 44. Nf2 $15 Qd6 45. Rxd4 Bxd4 46. Bc4 $2 (46. Re1 $17 Kg7 47. Kh1) 46... Nxf4 $19 47. Kf1 {intending Re1.} Kg7 48. Re1 Qf6 {And now ...Nh5 would win.} 49. Re8 $2 (49. Qf3) 49... Nh5 50. Qh2 Bd7 51. Ra8 Qf3 {( -> ...Bh3+!)} 52. Kg1 Bh3 {Black mates.} 53. Bf1 Qg4+ 54. Kh1 Ng3+ {Precision: White = 43%, Black = 48%.} 0-1

[Event "XVII MetLife Najdorf Open 2017"]
[Site "Warsaw"]
[Date "2017.07.13"]
[Round "5.11"]
[White "Jarmula, Lukasz"]
[Black "Zhigalko, Andrey"]
[Result "1/2-1/2"]
[WhiteElo "2444"]
[BlackElo "2564"]
[Annotator "TA"]
[PlyCount "77"]
[EventDate "2017.??.??"]
[EventType "swiss"]
[EventCountry "POL"]
[SourceTitle "playchess.com"]
[Source "ChessBase"]
[SourceQuality "1"]

{[%evp 18,77,44,15,32,15,15,-17,-17,-27,-22,-19,-19,-34,12,18,8,12,13,19,20,-38,-29,-15,-13,-17,0,0,0,0,0,0,0,0,0,0,0,0,0,0,0,0,0,0,0,0,0,0,0,0,0,0,0,0,0,0,0,-2,0,0,0,-2]} 1. e4 c5 2. Nf3 e6 3. d4 cxd4 4. Nxd4 Nc6 5. Nc3 Qc7 6. Be3 a6 7. a3 b5 8. Nxc6 Qxc6 9. Be2 Bb7 {B49: Sicilian: Taimanov: 5 Nc3 Qc7 6 Be3 a6 7 Be2} 10. Bf3 {LiveBook: 4 Games} (10. Qd2 Rc8 11. O-O Nf6 12. Bf3 Qc7 13. Bf4 e5 14. Bg5 Be7 15. Bxf6 Bxf6 16. Rfd1 Rd8 17. Qe2 {1-0 (45) Hou,Y (2663)-Potkin,V (2597) Almaty 2016}) 10... Rc8 11. Qd2 Qc7 12. Rd1 $146 {[#] Black must now prevent Bb6!} (12. Bf4 $5 {[%cal Rf4c7]} e5 13. Be3 $11) ({Predecessor:} 12. Be2 Nf6 13. f3 b4 14. Na4 bxa3 15. c4 axb2 16. Qxb2 {1-0 (29) Modena,G-Cantore,A Italy 1989}) 12... Nf6 {Black wants to play ...Bxa3!} 13. O-O Bxa3 14. Bf4 e5 15. bxa3 {Hoping for Bg3.} Qxc3 (15... O-O $5 {[%cal Re5f4]}) 16. Qxc3 Rxc3 17. Bxe5 Rxc2 18. Bd6 Kd8 19. e5 (19. Rd4 $11) 19... Bxf3 $15 20. gxf3 Ne8 {The position is equal.} 21. Bb4 h5 22. Rd3 Rh6 23. Rfd1 d6 24. Bxd6 Nxd6 25. Rxd6+ Rxd6 26. Rxd6+ $11 {[%mdl 4096] Endgame KR-KR} Ke7 27. Rxa6 Re2 28. f4 Re4 29. Rb6 Rxf4 30. Rxb5 Ra4 31. Rb3 Ke6 32. Re3 g5 33. h3 Kf5 34. Kg2 Kf4 35. Kh2 Ra5 36. Kg2 Ra6 37. Kf1 (37. h4 $5) 37... Rb6 38. Kg2 Ra6 39. Kf1 {Precision: White = 63%, Black = 75%.} 1/2-1/2

[Event "XVII MetLife Najdorf Open 2017"]
[Site "Warsaw"]
[Date "2017.07.13"]
[Round "5.12"]
[White "Gusain, Himal"]
[Black "Warakomski, Tomasz"]
[Result "1/2-1/2"]
[WhiteElo "2461"]
[BlackElo "2518"]
[Annotator "TA"]
[PlyCount "69"]
[EventDate "2017.??.??"]
[EventType "swiss"]
[EventCountry "POL"]
[SourceTitle "playchess.com"]
[Source "ChessBase"]
[SourceQuality "1"]

{[%evp 18,69,-8,-18,-3,-14,-8,-29,-11,-43,-54,-43,0,0,0,-38,-37,-43,-22,-28,-19,-21,-22,-22,-25,-24,-23,-19,-22,-14,17,14,1,0,8,8,8,8,8,4,8,8,8,7,8,8,8,8,8,8,8,8,14,15]} 1. e4 c6 2. d4 d5 3. exd5 cxd5 4. Bd3 Nc6 5. c3 Qc7 6. Ne2 Bg4 7. f3 Bd7 8. Bf4 e5 {B13: Caro-Kann: Exchange Variation and Panov-Botvinnik Attack} 9. dxe5 Nxe5 10. O-O {LiveBook: 20 Games} (10. Bc2 Nf6 11. Qd4 Bd6 12. Nd2 h6 13. O-O-O {½-½ (13) Liu,X (2431)-Cheng,B (2446) Adelaide 2016}) 10... Nf6 {[%cal Bg8f6,Bf6h5,Bh5f4][%mdl 32]} 11. Nd4 {[#] And now Bxe5 would win.} Bd6 12. Na3 O-O 13. Kh1 Bxa3 $146 ({Predecessor:} 13... Nxd3 14. Bxd6 Qxd6 15. Qxd3 Rfe8 16. Rfe1 {½-½ (36) Mustonen,I (2058)-Parkkinen,J (2197) Helsinki 2014}) 14. bxa3 Nh5 15. Bxe5 Qxe5 16. Re1 Qc7 17. Qb3 Nf4 (17... Rac8 {seems wilder.} 18. Bb5 Bxb5 19. Nxb5 Qb6 20. Rab1 Qf2) 18. Bf1 Rae8 19. c4 Rxe1 20. Rxe1 Qc5 21. Rd1 b6 22. cxd5 Nxd5 {The position is equal.} 23. Bc4 {[#]} Ba4 $1 {[%mdl 512]} 24. Qxa4 Nc3 $1 {[%csl LRa4,LRd1]} 25. Bxf7+ Rxf7 26. Qe8+ Rf8 27. Qe6+ Kh8 28. Nb3 $1 {[%cal Rb3c5]} Qxa3 29. Rc1 Rd8 {( -> ...Qxc1+!)} 30. h3 Nxa2 31. Rc7 h6 32. Qf7 {[%csl Gc7][%cal Rf7g7]} Qf8 33. Qxf8+ Rxf8 34. Rxa7 Nb4 35. Rb7 {Precision: White = 80%, Black = 77%.} 1/2-1/2

[Event "XVII MetLife Najdorf Open 2017"]
[Site "Warsaw"]
[Date "2017.07.13"]
[Round "5.13"]
[White "Saeed, Ishaq"]
[Black "Golubov, Saveliy"]
[Result "1-0"]
[WhiteElo "2428"]
[BlackElo "2516"]
[Annotator "TA"]
[PlyCount "80"]
[EventDate "2017.??.??"]
[EventType "swiss"]
[EventCountry "POL"]
[SourceTitle "playchess.com"]
[Source "ChessBase"]
[SourceQuality "1"]

{[%evp 22,80,22,8,20,9,18,13,49,45,144,124,160,175,244,235,232,171,170,181,245,79,51,53,45,29,29,41,88,87,62,28,95,37,42,36,22,15,67,0,0,0,21,0,29,0,0,0,0,0,374,0,114,42,921,813,1279,1276,1243,1043,29988]} 1. d4 Nf6 2. c4 e6 3. Nf3 d5 4. g3 Be7 5. Bg2 O-O 6. O-O dxc4 7. Qc2 a6 8. a4 Bd7 9. Qxc4 Bc6 10. Bf4 a5 {E05: Open Catalan: 5 Nf3 Be7} 11. Nc3 Nbd7 12. Qd3 {LiveBook: 3 Games} Bb4 {The position is equal.} 13. Rfe1 {[#]} h6 $146 ({Predecessor:} 13... Re8 14. Qc2 Bxf3 15. Bxf3 c6 16. Red1 Qe7 17. Na2 Bd6 18. Bxd6 Qxd6 {1-0 (65) So,W (2822)-Kramnik,V (2811) Shamkir 2017}) 14. Qc2 Nb6 (14... Bxc3 $5 15. bxc3 Be4 $11) 15. e4 g5 (15... Rc8 $14) 16. Bc1 $16 Kg7 17. h4 g4 (17... Nh7 $142 18. d5 Bd7) 18. Ne5 $18 Bxa4 19. Qd2 Rh8 20. Qf4 h5 (20... Bb3 $142 21. Nxg4 Nxg4 22. Qxg4+ Kf8) 21. Nxf7 $2 (21. Nxa4 $18 {and White stays clearly on top.} Bxe1 22. Nc5) 21... Kxf7 $16 22. e5 {d5 is the strong threat.} Bc6 $1 23. Bxc6 (23. Qxf6+ Qxf6 24. exf6 Bxg2 $15) 23... bxc6 24. exf6 Nd5 $1 {[%cal Rd5f4]} 25. Qe4 Qxf6 26. Bd2 a4 (26... Bxc3 $11 27. bxc3 a4) 27. Qc2 (27. Qd3 $1 $16 Qf3 28. Qc4) 27... Bxc3 $1 $14 ({Much worse is} 27... Qxd4 $6 28. Nxd5 Qxd2 29. Nxb4 $16) 28. bxc3 Qf5 29. Qc1 Ne7 (29... Rhb8 $11) 30. c4 (30. Bf4 $14) 30... Ng6 $1 $11 31. Bb4 e5 32. Bc3 $36 {[%cal Rd4e5][%mdl 2048] White has good play.} (32. dxe5 $5 {[%cal Re5e6]} Rhe8 33. e6+ Rxe6 34. Rxe6 Kxe6 35. Qh6 $11) 32... Rhd8 33. dxe5 {Strongly threatening e6+.} Ke6 $1 34. Bb4 Rd3 35. Qh6 Rb3 $2 {[%mdl 8192] [#]} (35... a3 $11) 36. Ba3 $2 (36. Rad1 $1 $18 {Threatens to win with Qg7.} Rd3 37. Rxd3 Qxd3 38. Qg7 (38. Qxh5 a3 $18)) 36... Rd8 {[#]} (36... Rd3 $1 $11) 37. Qh7 ({Of course not} 37. Bc5 $6 Rdd3 $11) (37. Qg7 $1 $16) 37... Rxg3+ $2 {[%mdl 8192]} (37... Rd7 $14 38. Qg8+ Rf7 39. Qc8+ Rd7) 38. fxg3 $18 {And now Rf1 would win.White is clearly winning.} Qd3 39. Kh2 {Intending Rad1 and mate.} Qc2+ 40. Kh1 {Black must now prevent Bc5.} Rd7 {Precision: White = 44%, Black = 28%.} 1-0

[Event "XVII MetLife Najdorf Open 2017"]
[Site "Warsaw"]
[Date "2017.07.13"]
[Round "5.14"]
[White "Cheparinov, Ivan"]
[Black "Nurkiewicz, Maciej"]
[Result "1-0"]
[WhiteElo "2703"]
[BlackElo "2373"]
[Annotator "TA"]
[PlyCount "61"]
[EventDate "2017.??.??"]
[EventType "swiss"]
[EventCountry "POL"]
[SourceTitle "playchess.com"]
[Source "ChessBase"]
[SourceQuality "1"]

{[%evp 26,61,29,16,22,22,27,19,31,22,60,49,78,71,77,61,89,82,163,159,270,103,101,91,267,263,284,285,480,487,462,209,223,218,225,200,293,269]} 1. e4 e5 2. Nf3 Nf6 3. Nxe5 d6 4. Nf3 Nxe4 5. d4 d5 6. Bd3 Bd6 7. O-O O-O 8. c4 c6 9. Nc3 Nxc3 10. bxc3 dxc4 11. Bxc4 Bg4 12. h3 Bh5 {C42: Petroff Defence: 3 Nxe5 and unusual White 3rd moves} 13. g4 Bg6 14. Ne5 {LiveBook: 3 Games} Nd7 {The position is equal.} 15. Nxg6 hxg6 {[#]} 16. Bb3 $146 ({Predecessor:} 16. Qf3 Qf6 17. Kg2 Qxf3+ 18. Kxf3 b5 19. Bd3 Nb6 20. h4 Rfe8 21. Bd2 Re6 22. Rfe1 Rae8 23. Rxe6 Rxe6 24. Rc1 Rf6+ 25. Ke2 Re6+ 26. Kf3 {½-½ (26) Stellwagen,D (2639)-Wang,H (2643) Yerevan 2007}) 16... Qf6 17. Qd3 Kh7 18. f4 Qh4 19. Bd2 Rad8 20. Qf3 Rde8 21. Rae1 Re7 {[#]} (21... Kg8 $16) 22. Rxe7 $1 $18 Qxe7 {[#]} (22... Bxe7 $16 23. Re1 Bd6) 23. Re1 $2 (23. g5 $1 $18 {and the rest is easy.}) 23... Qd8 $16 24. g5 {aiming for h4.} Re8 $2 (24... Qa5 $16 {was necessary.}) 25. Rxe8 $18 Qxe8 26. f5 Nf8 $2 (26... Kh8 27. fxg6 fxg6) 27. fxg6+ fxg6 28. Qf7 (28. h4 $142) 28... Qxf7 29. Bxf7 Nd7 30. Kf2 c5 (30... Nb6 {was worth a try.} 31. Kf3 Na4) 31. Kf3 {Precision: White = 54%, Black = 20%.} 1-0

[Event "XVII MetLife Najdorf Open 2017"]
[Site "Warsaw"]
[Date "2017.07.13"]
[Round "5.15"]
[White "Das, Arghyadip"]
[Black "Kovalev, Vladislav"]
[Result "0-1"]
[WhiteElo "2416"]
[BlackElo "2639"]
[Annotator "TA"]
[PlyCount "78"]
[EventDate "2017.??.??"]
[EventType "swiss"]
[EventCountry "POL"]
[SourceTitle "playchess.com"]
[Source "ChessBase"]
[SourceQuality "1"]

{[%evp 12,78,25,23,38,14,18,15,9,12,6,11,22,16,16,15,38,10,10,8,8,16,17,0,0,0,0,0,0,0,0,0,0,0,0,0,62,46,51,8,54,0,12,0,0,0,0,0,0,-164,-32,-147,-135,-341,-315,-362,-362,-414,-435,-532,-518,-1064,-1039,-1030,-972,-1877,-1857,-29973,757]} 1. e4 e5 2. Nf3 Nc6 3. Bc4 Nf6 4. d3 {[%cal Bd2d3,Bd3d4][%mdl 32]} Bc5 5. a4 a6 6. c3 {C50: Hungarian Defence and Giuoco Pianissimo} O-O 7. O-O {LiveBook: 21 Games} h6 (7... d5 8. exd5 Nxd5 9. Re1 Bg4 10. h3 Bh5 11. Nbd2 Nb6 12. Ba2 Qxd3 13. a5 Bxf3 14. Nxf3 Qxd1 15. Rxd1 {½-½ (33) Anand,V (2786)-So,W (2812) Stavanger 2017}) 8. d4 {White is slightly better.} (8. b4 $5 {[%cal Rb4c5]} Be7 9. Qb3 $11) 8... Ba7 $146 ({Predecessor:} 8... exd4 9. cxd4 Ba7 10. d5 Ne7 11. e5 Ng4 12. h3 Nxf2 13. Rxf2 Bxf2+ 14. Kxf2 {1-0 (29) Alboredo,J (2114)-Kanzler,K (1868) Sao Paulo 2016}) 9. dxe5 Nxe4 10. Bd5 Nxf2 11. Rxf2 {Nd4 is the strong threat.} d6 12. Bxc6 bxc6 13. exd6 Bg4 14. Na3 {[%cal Bb1a3,Ba3c2,Bc2e3][%mdl 32]} (14. d7 $5) 14... cxd6 15. Nc2 {Strongly threatening Be3.} Bxf2+ 16. Kxf2 Re8 17. a5 (17. Ne3 $5 {[%cal Re3g4]} Bh5 18. Kg1 $11) 17... Rb8 18. Ne3 Bxf3 19. Qxf3 Qh4+ 20. Qg3 Qe4 21. Qf3 Qh4+ 22. Qg3 Qe4 23. Qf3 f5 ({Better is} 23... Qh4+ $11 24. Qg3) 24. Qxe4 $14 Rxe4 25. g3 d5 {[%cal Bd6d5,Bd5d4][%mdl 32]} 26. b4 ({White should try} 26. Kf3 $14) 26... d4 (26... f4 $5 {[%cal Rf4e3]} 27. Nc2 fxg3+ 28. Kxg3 c5 $11) 27. Nc2 {Hoping for Bf4.} dxc3 28. Be3 Rd8 29. Ra3 Rd3 30. Ra1 $2 {[#]} (30. h4 $1 $11 {and White is okay.}) 30... Kf7 ({Black should play} 30... g5 $1 $19 31. Re1 Kf7) 31. Re1 (31. h4 $1 $15) 31... g5 $17 32. Re2 $2 (32. Rc1 $17) 32... Kf6 $19 33. Ne1 Rd1 34. Nc2 Ke5 35. Kf3 Kd5 36. h4 {[#]} (36. Re1 $142 Rxe1 37. Nxe1) 36... f4 $1 {[%mdl 512]} 37. gxf4 gxf4 38. b5 cxb5 39. Nb4+ Ke5 $4 {[%mdl 40960] Precision: White = 46%, Black = 50%. . Sensor Board Error (Ke4/e5)?} (39... Rxb4 40. Bxf4 Rf1+ 41. Kg4 Rbxf4+ 42. Kh5 b4 43. Rg2 b3 44. Rh2 b2 45. Kxh6 Rg1 46. Rh1 Rxh1 47. Kg6 Rhxh4 48. Kg5 b1=R 49. Kg6 Rg1#) 0-1

[Event "XVII MetLife Najdorf Open 2017"]
[Site "Warsaw"]
[Date "2017.07.13"]
[Round "5.16"]
[White "Aleksandrov, Aleksej"]
[Black "Kosakowski, Jakub"]
[Result "1-0"]
[WhiteElo "2581"]
[BlackElo "2366"]
[Annotator "TA"]
[PlyCount "191"]
[EventDate "2017.??.??"]
[EventType "swiss"]
[EventCountry "POL"]
[SourceTitle "playchess.com"]
[Source "ChessBase"]
[SourceQuality "1"]

{[%evp 28,191,0,0,11,0,2,0,39,43,62,46,207,188,185,-12,-12,-14,-12,-12,-14,-31,-31,-56,16,16,16,16,16,16,32,35,39,30,52,19,95,95,95,95,95,95,95,95,95,95,95,95,95,57,95,8,81,81,81,81,81,81,81,81,81,81,81,81,81,81,81,81,81,81,81,81,81,81,81,81,81,8,8,8,8,8,8,8,8,8,8,8,8,8,8,8,8,8,8,8,8,8,8,8,8,8,8,0,8,8,8,8,8,0,0,0,0,0,0,0,0,0,0,0,0,0,8,0,8,0,8,8,19,8,19,20,20,8,4840,20,4643,4616,3907,3897,3020,2208,1190,1117,29973,29974,29971,29969,29967,29968,29971,29971,29969,29962,29972,4614,29980,29981,29981,29982,29982,29983,29984,29985,29987,29988]} 1. d4 Nf6 2. c4 g6 3. Nc3 d5 4. Bf4 Bg7 5. Nf3 O-O 6. Rc1 Be6 7. e3 dxc4 8. Ng5 Bd5 9. e4 h6 10. exd5 hxg5 11. Bxg5 Nxd5 12. Bxc4 Nb6 13. Bb3 Nc6 14. d5 {D92: Grünfeld: 4 Nf3 Bg7 5 Bf4} (14. Ne2 a5 15. a4 Rc8 16. O-O Nxd4 17. Nxd4 Qxd4 18. Bxe7 Rfe8 19. Bc5 Qxd1 20. Rfxd1 Bxb2 21. Rc2 Bf6 22. g3 {½-½ (30) Prohaszka,P (2607)-Ragger,M (2688) Austria 2016}) 14... Nd4 15. O-O {LiveBook: 43 Games} a5 16. h4 $146 {The position is equal.} ({Predecessor:} 16. a3 Qd7 17. Ba2 Rfe8 18. Re1 Rac8 19. h4 Nb5 20. Be3 Nxc3 21. bxc3 Qa4 {½-½ (29) Lukacs,P (2459)-Szeberenyi,A (2411) Budapest 2001}) 16... a4 17. Nxa4 Nxa4 18. Bxa4 Qxd5 19. Bxe7 Rxa4 $2 (19... Rfc8 $14) 20. Qxa4 $18 Qe4 {And now ...Ne2+ would win.} 21. Qd7 $2 (21. Qb4 $18) 21... Ne2+ $11 22. Kh1 Nxc1 23. Rxc1 Bxb2 24. Rd1 Ra8 25. Qxc7 Rxa2 (25... Be5 $15 26. Qd7 Qf4) 26. Qd8+ Kh7 27. Bf6 $36 {[%mdl 2048] Black is under pressure.} Bxf6 28. Qxf6 {Intending Rd8 and mate.} Qe6 29. Qxe6 fxe6 $14 {[%mdl 4096] Endgame KR-KR} 30. Rd7+ Kh6 31. f3 g5 (31... b5 $11) 32. hxg5+ $16 Kxg5 33. Rxb7 Kf5 34. Kh2 Rc2 35. Rf7+ Kg6 36. Rf8 Ra2 37. Kh3 Rb2 38. g3 Ra2 39. f4 (39. g4 $16) 39... Ra4 (39... e5 $1 $11 {remains equal.}) 40. Rg8+ Kf6 41. Rg5 Rb4 42. Kh4 Rb8 43. Kh5 Rh8+ 44. Kg4 Ra8 45. Re5 Ra3 46. Kh4 Rf3 47. Re4 $1 Ra3 48. g4 Ra1 49. Re5 Rh1+ 50. Kg3 Rg1+ 51. Kh3 Rf1 52. g5+ ({White should play} 52. Re4 $1 $16) 52... Kf7 $11 53. Kg3 Rg1+ 54. Kf2 Ra1 55. Re3 Rb1 56. Kf3 Ra1 57. Rc3 Rf1+ 58. Kg4 {White wants to play Rc7+.} Rg1+ 59. Rg3 Rf1 60. Rh3 Rg1+ 61. Kh5 Kg7 62. Rc3 Rh1+ 63. Kg4 Rg1+ 64. Kh4 {next Re3 is good for White.} Rf1 65. Kg4 {Threatening Rc7+.} Rg1+ 66. Rg3 Rf1 67. Re3 Kf7 68. Re5 Rg1+ 69. Kf3 Rf1+ 70. Ke3 (70. Kg2 $5 {[%cal Rg2f1]} Rxf4 71. Kg3 $11) 70... Re1+ 71. Kd4 Rd1+ 72. Ke4 {Rc5 is the strong threat.} Re1+ 73. Kf3 Rf1+ 74. Kg3 {Black should prevent Re2.} (74. Kg2 $5 {[%cal Rg2f1]} Rxf4 75. Kg3 $11) 74... Rg1+ 75. Kf2 Ra1 76. Rb5 Ra7 77. Kf3 Rc7 78. Ke4 Rd7 79. Ke5 {Hoping for Rc5.} Ra7 80. Rc5 {Strongly threatening Kd6.} Rb7 $2 {[%mdl 8192]} (80... Ra4 $11 81. Rc7+ Kg6) 81. Ra5 $2 (81. Kd6 $1 $18 {aiming for Rc7+.} Rb6+ 82. Rc6) 81... Rc7 $2 {[%mdl 8192] [#]} (81... Rd7 $11) 82. Kd6 $1 $18 {[%cal Rd6c7]} Rb7 83. Rc5 Rb6+ 84. Rc6 Rb4 {[#]} 85. Rc7+ $1 Kf8 86. Ke5 Ra4 87. Rh7 Rb4 88. Rh6 Kf7 89. Rf6+ Kg7 90. Rxe6 Ra4 91. Kf5 (91. f5 $142 Ra7 92. Rc6 Kg8 93. Ke6 Ra8 94. g6 Kg7 95. Rc7+ Kh6 96. Kf7) 91... Rb4 92. Re7+ {White mates.} Kf8 93. Ra7 Rc4 94. g6 Rc6 95. Kg5 Kg8 96. Kh6 {Precision: White = 57%, Black = 49%.} 1-0

[Event "XVII MetLife Najdorf Open 2017"]
[Site "Warsaw"]
[Date "2017.07.13"]
[Round "5.17"]
[White "Barski, Radoslaw"]
[Black "Dziuba, Marcin"]
[Result "0-1"]
[WhiteElo "2402"]
[BlackElo "2561"]
[Annotator "TA"]
[PlyCount "116"]
[EventDate "2017.??.??"]
[EventType "swiss"]
[EventCountry "POL"]
[SourceTitle "playchess.com"]
[Source "ChessBase"]
[SourceQuality "1"]

{[%evp 11,116,20,43,15,15,-3,4,-8,16,18,16,9,3,-12,-18,-22,-19,-27,-30,-30,-30,-30,-30,-25,-17,-14,-18,-19,-7,-18,-20,-21,-13,-18,-18,-18,-8,-27,-27,-17,-24,-19,-17,-22,0,-53,-46,-70,-17,-17,0,-8,0,0,0,0,0,0,0,0,0,0,0,-60,-51,-62,-51,-79,-82,-82,-82,-119,-89,-90,-84,-94,-64,-88,-83,-75,-64,-251,-241,-759,-725,-819,-804,-787,-756,-775,-791,-847,-853,-849,-838,-949,-946,-937,-933,-1055,-1053,-29980,-29980,-29987,-29988,-29988,-29989]} 1. e4 c6 2. d4 d5 3. e5 Bf5 4. Nf3 e6 5. Be2 Ne7 6. O-O Ng6 {LiveBook: 18 Games. B12: Caro-Kann: Advance Variation} (6... c5 7. c3 Nec6 8. a3 Be7 9. b4 cxd4 10. cxd4 a6 11. Be3 O-O 12. Nbd2 Nd7 13. Ne1 b5 14. f4 Bg6 15. g4 {0-1 (48) Inarkiev,E (2727)-Hammer,J (2621) Moscow 2017}) 7. Re1 Be7 $146 ({Predecessor:} 7... c5 8. c3 Be7 9. Nbd2 O-O 10. Nf1 Nh4 11. Nxh4 Bxh4 12. Bg4 Bg6 13. Ng3 c4 14. Bh5 {0-1 (48) Jaimes Velasquez,M (1525)-Henao Ortiz,C (1438) Santander 2012}) 8. Nbd2 {[%cal Bb1d2,Bd2f1,Bf1e3][%mdl 32]} O-O {The position is equal.} 9. Nf1 Nh4 10. Nxh4 Bxh4 11. g3 Be7 12. Ne3 Be4 13. c3 c5 14. Nc2 Nc6 15. Bd3 Bxd3 16. Qxd3 Qb6 17. Be3 Rac8 (17... Qxb2 $2 18. Reb1 $18) 18. Rab1 cxd4 19. Bxd4 Bc5 20. b4 Bxd4 21. cxd4 Rc7 22. a4 {[#] Strongly threatening a5.} a5 {[%cal Rc6b4]} 23. b5 Ne7 24. Ne3 Rfc8 25. Qd2 Rc3 26. Rec1 $1 {[%cal Rc1c3]} Qc7 {[%cal Rc3c1]} 27. Rd1 b6 28. Qa2 (28. h4 $11) 28... h6 $15 29. Kg2 Kf8 (29... g6 $15) 30. h4 $11 Qd7 31. Rb3 R3c7 32. Qa3 h5 33. Rdd3 {[%cal Bd1d3,Bd3e3,Be3e5][%mdl 32]} Ke8 {[%cal Bf8e8,Be8f7,Bf7g7][%mdl 32]} 34. Qd6 Rb8 35. Qa3 Nf5 36. Nxf5 exf5 37. e6 (37. Rbc3 $11 Rc4 38. Rd1) 37... fxe6 $15 38. Re3 Kf7 39. Re5 Rc4 40. Rbe3 Re8 ({Inferior is} 40... Rxd4 41. Rxe6 Re4 42. R3xe4 $14) 41. Qa1 Qc8 42. Qd1 g6 43. Re2 Kg7 44. Qe1 {[%cal Re5e6]} Rc1 ({Not} 44... Rxd4 45. Rxe6 Rxe6 46. Rxe6 $16) 45. Qd2 Ra1 46. g4 $2 {[#]} (46. Qe3 $15) 46... fxg4 $19 ({Don't take} 46... hxg4 47. h5 $17) 47. Rxh5 $2 (47. Qd3 Qd7 48. Rc2) 47... gxh5 48. Qg5+ Kf7 49. Qxh5+ Kf8 50. Qh7 Rc1 51. Re5 Rc7 52. Qh6+ Ke7 53. Rg5 Kd8 54. Qf6+ Rce7 55. h5 Kd7 56. h6 Rf8 {Black mates.} 57. Qg6 Qc3 58. Rxg4 Qf3+ {Precision: White = 44%, Black = 64%.} 0-1